Trồng - chăm sóc & phòng trừ sâu bệnh cây chè

Tìm hiểu đặc tính thực vật học, cách chọn giống, nhân giống, trồng chăm sóc và phòng trừ sâu bệnh cho cây chè

Salvato in:
Dettagli Bibliografici
Autore principale: Nguyễn, Mạnh Chinh
Altri autori: Nguyễn Mạnh Chinh; Nguyễn Đăng Nghĩa
Lingua:Undetermined
Pubblicazione: Tp. Hồ Chí Minh Nông nghiệp 2007
Soggetti:
Tags: Aggiungi Tag
Nessun Tag, puoi essere il primo ad aggiungerne! !
Thư viện lưu trữ: Trung tâm Học liệu Trường Đại học Trà Vinh
LEADER 00959nam a2200253Ia 4500
001 TVU_1649
008 210423s9999 xx 000 0 und d
041 |a Vie 
082 |a 633.72 
082 |b Ch312/Q.21 
100 |a Nguyễn, Mạnh Chinh 
245 0 |a Trồng - chăm sóc & phòng trừ sâu bệnh cây chè 
245 0 |c Nguyễn Mạnh Chinh, Nguyễn Đăng Nghĩa 
260 |a Tp. Hồ Chí Minh 
260 |b Nông nghiệp 
260 |c 2007 
300 |a 78 tr. 
300 |b hình vẽ, ảnh 
300 |c 19 cm 
504 |a Thư mục: tr.77-78 
520 |a Tìm hiểu đặc tính thực vật học, cách chọn giống, nhân giống, trồng chăm sóc và phòng trừ sâu bệnh cho cây chè 
650 |a Diseases and pests; Plants; protection of; Dịch bệnh hại cây trồng Bảo vệ thực vật 
700 |a Nguyễn Mạnh Chinh; Nguyễn Đăng Nghĩa 
980 |a Trung tâm Học liệu Trường Đại học Trà Vinh